| 000 | 00546nam a22001697a 4500 | ||
|---|---|---|---|
| 005 | 20251108171913.0 | ||
| 008 | 250721s2002 xx 000 0 ara d | ||
| 082 | 1 | 4 | _a179.9/عسا |
| 100 | 1 | _aعساف، نظام | |
| 245 | 1 | 0 |
_aسؤال التسامح : _bدراسة و حوار مع الباحث عبد الحسين شعبان / |
| 264 | 1 |
_aعمان : _bمركز عمان لدراسات حقوق الإنسان، _c2002. |
|
| 300 | _a112ص | ||
| 650 | 1 | 7 | _aالتسامح |
| 650 | 1 | 7 | _aالفضائل |
| 942 |
_2ddc _cBK |
||
| 999 |
_c65572 _d65572 |
||